All Empires of Iraq by Picture - Statistics

General Stats
  • This quiz has been taken 44 times
  • The average score is 13 of 28
Answer Stats
Picture Hint Answer % Correct
1958 – present Republic of Iraq
92%
626 – 539 BCE Neo‑Babylonian Empire
87%
1894 – 1595 BCE Old Babylonian Empire
87%
1534 – 1623 Ottoman Empire
87%
1638 – 1917 Ottoman Empire
87%
539 – 331 BCE Achaemenid Empire
84%
1468 – 1508 Aq Qoyunlu
84%
661 – 750 Umayyad Caliphate
68%
331 – 323 BCE Macedonian Empire
63%
1932 – 1958 Kingdom of Iraq
55%
4500 – 2334 BCE Sumerian City‑States
55%
2334 – 2154 BCE Akkadian Empire
53%
632 – 661 Rashidun Caliphate
53%
141 BCE – 224 Parthian Empire
50%
1920 – 1932 British Mandate of Iraq
47%
1508 – 1534 Safavid Empire
45%
1623 – 1638 Safavid Empire
45%
312 – 141 BCE Seleucid Empire
42%
911 – 609 BCE Neo‑Assyrian Empire
37%
750 – 1258 Abbasid Caliphate
32%
1258 – 1335 Ilkhanate
24%
224 – 651 Sasanian Empire
21%
1410 – 1468 Qara Qoyunlu
13%
1335 – 1432 Jalayirid Sultanate
5%
1365 – 1056 BCE Middle Assyrian Empire
5%
2112 – 2004 BCE Neo‑Sumerian Empire
5%
2154 – 2112 BCE Gutian Rule
3%
1595 – 1155 BCE Kassite Dynasty of Babylon
0%
No matching quizzes found
Score Distribution
Percent of People with Each Score
Percentile by Number Answered
Your Score History
You have not taken this quiz